LDR 00931naa#a2200193#i#450# 001 RU\\bibl\120590 005 20260501151932.5 011 ## _a2587-6740 100 ## _a20260415b2026####ek#y0rusy0150####ca 102 ## _aRU 200 1# _aПроизводственные затраты в системе факторов, влияющих на эффективность управления производством _eЖурнальная статья 210 1# _aМосква _cЭлектронная наука _d2026 215 ## _a4 с. 608 ## _aЖурнальная статья _2local 675 ## _aЭкономика сельского хозяйства. Продовольственный комплекс. 338.43 _z 700 #1 _aБондина _gНаталья Николаевна 700 #1 _aБондин _gИгорь Александрович 700 #1 _aВолкова _gГалина Александровна 856 4# _aecience.ru _u